[Event "11th American Continental Women 2018"]
[Site "Envigado"]
[Date "2018.11.19"]
[Round "4.4"]
[White "Rodriguez Rueda, Paula Andrea"]
[Black "Besso, Guadalupe"]
[Result "0-1"]
[WhiteElo "2275"]
[BlackElo "2069"]
[Annotator "TA"]
[PlyCount "74"]
[EventDate "2018.11.17"]
[EventType "swiss"]
[EventRounds "9"]
[EventCountry "COL"]
[SourceTitle "playchess.com"]
[Source "ChessBase"]
[SourceQuality "1"]

{[%evp 19,74,0,33,-41,-34,-69,-25,-23,-11,-25,-43,-131,-119,-225,-201,-226,-108,-116,-112,-104,-110,-108,-108,-134,-132,-161,-156,-157,-157,-156,-160,-161,-160,-161,-156,-275,-275,-367,-367,-359,-352,-356,-353,-383,-383,-464,-459,-457,-450,-510,-463,-577,-576,-575,-564,-534,-488]} 1. d4 Nf6 2. c4 g6 3. Nc3 d5 4. Nf3 Bg7 5. Qb3 dxc4 6. Qxc4 O-O 7. e4 a6 8. Be2 b5 {[%cal Bb7b5,Bb5b4][%mdl 32]} 9. Qb3 c5 10. dxc5 Bb7 {LiveBook: 143 Games} 11. a4 {D97: Grünfeld: Russian System: 7 e4, replies other than 7...Bg4} ({Better is} 11. e5 $14 Nfd7 12. Be3 Nxe5 13. Nxe5 Bxe5 14. Rd1) (11. e5 Nfd7 12. Be3 e6 13. O-O Qc7 14. Rad1 Nxc5 15. Qa3 Ne4 16. Nxe4 Bxe4 17. Ng5 Bc6 18. f4 Qb7 {½-½ (42) Navara,D (2730)-Giri,A (2798) Wijk aan Zee 2016}) 11... Nbd7 $15 {[%mdl 1024] Black has compensation.} 12. Be3 Qa5 $146 ({Predecessor:} 12... Ng4 13. c6 Bxc6 14. Bf4 Nc5 15. Qc2 Ne6 16. Bg3 b4 17. Nd1 Rc8 {0-1 (17) Zivanic,M-Roiz,M (2200) Tallinn 1997}) 13. O-O {Black has an edge.} b4 $1 14. e5 Ng4 15. Bd4 (15. c6 $15 Bxc6 16. Nd4 Ndxe5 17. Nxc6 Nxc6 18. Bxg4 bxc3 19. bxc3) 15... Nxc5 $17 {[%cal Bd7c5,Bc5e6,Be6d4,Bd4b3][%mdl 32]} 16. Qc4 (16. Bxc5 $17 Qxc5 {[%mdl 64] Double Attack} 17. Rac1) 16... Ne6 $19 17. Na2 Rac8 (17... Nxe5 18. Bxe5 Bxe5 19. Qxb4) (17... Bxe5 18. Bxe5 Bxf3 19. Bg3 $17) (17... Rfd8 $19 {and Black stays clearly on top.} 18. Rfd1 Bxf3 19. Bxf3 Nxd4 20. Rxd4 Nxe5 21. Qxb4 Nxf3+ 22. gxf3 Qg5+ 23. Rg4 Qf6) 18. Qxb4 $17 Qxb4 19. Nxb4 Bxf3 20. Bxf3 Nxh2 $1 ({Much worse is} 20... Bxe5 $6 21. Bc3 $11) (20... Nxe5 $6 21. Bxe5 Bxe5 22. Rab1 $11) 21. Kxh2 {[#] Black must now prevent Bc3.} Nxd4 22. Be4 Rc4 23. Nd5 Bxe5+ 24. g3 e6 25. Nb6 Rb4 $36 {[%mdl 2048] Black is in control.} 26. Nd7 Nb3 {[%mdl 64] [#] Discovered Attack} 27. Rad1 (27. Rae1 $17) 27... Rxe4 $19 28. Nxf8 Kxf8 29. Rfe1 Rxe1 ({And not} 29... Rxa4 30. Rxe5 Ke7 31. Kg2 $11) 30. Rxe1 Bd4 ({Not} 30... Bxb2 31. Rb1 $11) 31. Kg2 a5 32. f4 h5 {Black is clearly winning.} 33. Rd1 {intending Rd3.} Bc5 34. Kf3 Bb4 35. g4 hxg4+ 36. Kxg4 Nc5 37. Ra1 Kg7 {Accuracy: White = 22%, Black = 82%.} 0-1

[Event "11th American Continental Women 2018"]
[Site "Envigado"]
[Date "2018.11.19"]
[Round "4.5"]
[White "Perez Rodriguez, Jennifer"]
[Black "Miranda Rodriguez, Tania"]
[Result "1-0"]
[WhiteElo "2203"]
[BlackElo "2246"]
[Annotator "TA"]
[PlyCount "81"]
[EventDate "2018.11.17"]
[EventType "swiss"]
[EventRounds "9"]
[EventCountry "COL"]
[SourceTitle "playchess.com"]
[Source "ChessBase"]
[SourceQuality "1"]

{[%evp 22,81,25,10,43,12,16,8,5,-28,-17,8,50,52,99,62,137,161,188,188,188,184,180,172,178,169,168,151,172,135,245,229,270,185,303,272,314,297,302,319,303,315,428,479,717,704,1289,1253,1152,1085,1374,1347,1501,1469,1442,1447,1465,1438,29990,29991,29993,29994]} 1. e4 e5 2. Nf3 Nc6 3. Bb5 a6 4. Ba4 Nf6 5. d3 b5 6. Bb3 Be7 7. O-O O-O 8. a4 b4 9. a5 d6 10. Nbd2 Rb8 11. Re1 h6 12. Bc4 Re8 {C88: Closed Ruy Lopez: Anti-Marshall Systems} (12... Be6 13. Bxa6 Ra8 14. Bc4 Rxa5 15. Rxa5 Nxa5 16. Bxe6 fxe6 17. c3 bxc3 18. bxc3 Qd7 19. d4 exd4 20. cxd4 {½-½ (84) Movsesian,S (2660)-Inarkiev,E (2686) Cheliabinsk 2016}) 13. Nf1 Bf8 14. Ne3 Ne7 {The position is equal.} 15. c3 bxc3 16. bxc3 c5 $146 ({Predecessor:} 16... c6 17. Qa4 Bb7 18. Ba2 Ng6 19. Nc4 Qc7 20. Be3 {1-0 (58) Escobar Forero,A (2460)-Vega Gutierrez,B (2187) Linares 2014}) 17. Bd2 Qc7 18. Qc2 Ng4 {[#]} (18... Be6 $14) 19. Qa2 $1 $16 Ng6 20. Nd5 Qd8 21. h3 Nf6 22. Rab1 $36 {[%mdl 2048] White is in control.} Rxb1 23. Rxb1 Nxd5 24. Bxd5 Qf6 25. Rb8 Nf4 (25... Rd8 $16) 26. Bxf4 $1 $18 Qxf4 27. Qd2 {Black must now prevent Qxf4.} Qf6 (27... Bd7 $142 28. Qxf4 exf4) 28. Bb7 Qe6 {[#]} 29. Qb2 $1 Bxb7 30. Rxe8 ({Inferior is} 30. Qxb7 Rxb8 31. Qxb8 Qa2 $11) ({Less strong is} 30. Rxb7 c4 $14) 30... Qxe8 31. Qxb7 Qa4 32. Qxa6 Qa1+ (32... d5 $142 33. exd5 c4 34. Qxc4 Qa1+ 35. Kh2 Qxa5 36. Nxe5 Qd8) 33. Kh2 Qc1 34. Qc8 Qf4+ 35. Kh1 Qc1+ 36. Ng1 Qxc3 37. a6 Qa3 38. Qb7 Qxd3 39. a7 c4 40. a8=Q c3 41. Qe7 {Accuracy: White = 75%, Black = 26%.} 1-0

[Event "11th American Continental Women 2018"]
[Site "Envigado"]
[Date "2018.11.19"]
[Round "4.6"]
[White "Gonzalez Ochoa, Yoana"]
[Black "Roca Rojas, Ana Flavia"]
[Result "1/2-1/2"]
[WhiteElo "2058"]
[BlackElo "2132"]
[Annotator "TA"]
[PlyCount "53"]
[EventDate "2018.11.17"]
[EventType "swiss"]
[EventRounds "9"]
[EventCountry "COL"]
[SourceTitle "playchess.com"]
[Source "ChessBase"]
[SourceQuality "1"]

{[%evp 13,53,60,68,35,47,16,23,8,96,52,62,20,15,0,0,0,0,-26,-11,-21,-23,-72,-65,-63,-68,-70,-72,-81,-79,-83,-92,-75,0,0,0,0,0,-40,-42,-56,-35,-22]} 1. e4 c5 2. Nf3 a6 3. c4 Nc6 4. d4 cxd4 5. Nxd4 e6 6. Nc3 Bb4 7. Nxc6 bxc6 {LiveBook: 8 Games. B41: Sicilian: Kan Variation: 5 c4} 8. Bd2 (8. Bd3 e5 9. O-O Ne7 10. Na4 d6 11. c5 d5 12. Qe2 dxe4 13. Bxe4 Be6 14. Rd1 Qb8 15. Rd6 {1-0 (32) Ramirez,A (2579)-Shulman,Y (2627) Wheeling 2011}) 8... e5 9. a3 Bc5 {The position is equal.} 10. Qf3 $146 (10. Na4 {is more complex.} Bd4 11. Bc3 c5 12. Bd3 Ne7 13. O-O) ({Predecessor:} 10. Be2 Nf6 11. O-O O-O 12. b4 Bd4 13. Rb1 d5 14. exd5 cxd5 15. Nxd5 Nxd5 16. cxd5 {0-1 (37) Santopietro,G (2006)-Fiori,A (2159) Mar del Plata 2012}) 10... Qf6 (10... d6 $11 {keeps the balance.}) 11. Be2 Qxf3 12. Bxf3 (12. gxf3 {with more complications.} d6 13. Be3 Bd4 14. O-O-O c5 15. Rhg1) 12... d6 13. O-O Be6 14. Na4 Bd4 15. Rac1 Nf6 16. b4 O-O 17. Be3 {[#]} Bxe3 $1 18. fxe3 a5 {And now ...axb4 would win.} 19. Nb6 Ra6 20. c5 {Threatening Be2.} axb4 21. axb4 dxc5 22. bxc5 Nd7 ({Black should play} 22... Rd8 $17) 23. Nxd7 $11 Bxd7 24. Rfd1 Be6 25. Rd6 Rc8 26. Be2 Ra5 27. Kf2 {Accuracy: White = 23%, Black = 66%.} 1/2-1/2

[Event "11th American Continental Women 2018"]
[Site "Envigado"]
[Date "2018.11.19"]
[Round "4.7"]
[White "Cordero, Daniela"]
[Black "Arribas Robaina, Maritza"]
[Result "0-1"]
[WhiteElo "2085"]
[BlackElo "2257"]
[Annotator "TA"]
[PlyCount "64"]
[EventDate "2018.11.17"]
[EventType "swiss"]
[EventRounds "9"]
[EventCountry "COL"]
[SourceTitle "playchess.com"]
[Source "ChessBase"]
[SourceQuality "1"]

{[%evp 19,64,30,56,49,55,58,92,41,95,86,82,38,39,39,34,39,47,54,45,32,86,67,61,72,91,-8,0,0,125,-105,-121,-113,-112,-921,-881,-1121,-1101,-5360,-5356,-5127,-5106,-4882,-2044,-29998,-29997,-29997,-29996]} 1. d4 Nf6 2. Nf3 g6 3. c4 Bg7 4. g3 O-O 5. Bg2 d6 6. O-O Nbd7 7. Nc3 e5 8. e4 c6 9. h3 Re8 10. Be3 a6 {LiveBook: 33 Games} 11. Rc1 {E69: King's Indian: Fianchetto: 6...Nbd7 7 0-0 e5 8 e4 c6 9 h3} (11. d5 c5 12. a4 a5 13. Ne1 Nb8 14. Nc2 Na6 15. Na3 b6 16. Kh2 h5 17. Kh1 Nh7 18. Nab5 Nc7 19. Nxc7 Qxc7 {1-0 (52) Xiong,J (2658)-Petrosian,T (2595) Philadelphia 2017}) 11... Qe7 12. Re1 Nh5 $146 ({Predecessor:} 12... b5 13. cxb5 axb5 14. a3 Bb7 15. Qc2 exd4 16. Nxd4 Ne5 17. Rcd1 Nc4 18. Bc1 Rec8 19. f4 {0-1 (59) Wexler,B-Najdorf,M Mar del Plata 1953}) 13. Qd2 (13. d5 $16) 13... Nf8 ({Black should try} 13... b5 $14) 14. Bg5 Qc7 15. b4 exd4 16. Nxd4 Bxd4 17. Qxd4 Ne6 18. Qd2 $36 {[%mdl 2048] Threatens to win with Nd5! White has good play.} Nxg5 19. Qxg5 Qb6 (19... Be6 $14) 20. c5 Qxb4 21. e5 d5 ({Don't play} 21... dxc5 $6 22. Ne4 $16) 22. Bxd5 ({Better is} 22. Bf3 $16) 22... cxd5 $11 23. Nxd5 Qa5 {[#]} (23... Qd4 $11 {remains equal.} 24. Rcd1 Qxc5) 24. Red1 $2 (24. Qh6 $1 $16 {White wants to mate with Nf6+.} f6 25. Nb6) 24... Bxh3 $17 {Strongly threatening ...Qa4.} 25. g4 {[#]} Bxg4 $1 26. Nf6+ $2 {[%mdl 8192]} (26. Qxg4 $17 Rxe5 27. Nb6) 26... Nxf6 $19 27. exf6 Bxd1 28. Qh6 Qe1+ 29. Kg2 Qe4+ 30. Kg1 Qg4+ 31. Kf1 Be2+ 32. Ke1 Qb4+ {Accuracy: White = 19%, Black = 34%.} 0-1

[Event "11th American Continental Women 2018"]
[Site "Envigado"]
[Date "2018.11.19"]
[Round "4.8"]
[White "Marrero Lopez, Yaniet"]
[Black "Munoz Monroy, Cinthya Carolina"]
[Result "1-0"]
[WhiteElo "2253"]
[BlackElo "2032"]
[Annotator "TA"]
[PlyCount "61"]
[EventDate "2018.11.17"]
[EventType "swiss"]
[EventRounds "9"]
[EventCountry "COL"]
[SourceTitle "playchess.com"]
[Source "ChessBase"]
[SourceQuality "1"]

{[%evp 14,61,37,38,95,91,121,83,89,87,93,81,85,8,0,-8,-12,-148,-54,-45,-25,-115,-127,-179,-47,-39,-41,-112,-99,-101,-104,-85,-87,-77,-111,-381,-354,-442,-431,-423,-420,-492,-479,-486,-473,-615,-641,-640,-629,-572]} 1. e4 e6 2. d4 d5 3. e5 c5 4. c3 Nc6 5. Nf3 Bd7 6. a3 f6 7. Bd3 cxd4 {C02: French: Advance Variation} (7... Qc7 8. O-O O-O-O 9. Qe2 Nge7 10. b4 c4 11. Bc2 Ng6 12. Re1 Be7 13. a4 fxe5 14. dxe5 Rdf8 15. Na3 Nf4 16. Qd1 Be8 {1-0 (37) Grischuk,A (2737)-Morozevich,A (2676) Doha 2016}) 8. cxd4 {LiveBook: 10 Games} Qb6 (8... fxe5 $14 9. dxe5 Nh6) 9. O-O f5 {White is better.} 10. Bc2 Nge7 11. Nc3 Ng6 $146 ({Predecessor:} 11... h6 12. Nh4 Qxd4 {1-0 (24) Musial,T (1689)-Dolezal,R (1787) Marianske Lazne 2016}) 12. h4 Be7 13. Bxf5 (13. Na4 $16 Qc7 14. g3) 13... exf5 $11 14. Nxd5 Qa5 15. Ne3 (15. Nc3 $1 $11 {keeps the balance.}) 15... O-O-O (15... f4 $17 16. Bd2 Qd8) 16. b4 Qa6 {...Nxb4! is the strong threat.} 17. Qb3 (17. Rb1 $11 b5 18. h5) 17... Kb8 $17 18. Bb2 (18. Qb2 $17 {is a better defense.} Qd3 19. Rd1) 18... Qb5 ({Stronger than} 18... Nxh4 19. Nxh4 Bxh4 20. e6 $15) (18... f4 $1 $19 {[%cal Rf4e3]} 19. Nc4 Qb5) 19. d5 $15 {[#]} Na5 $1 {[%cal Ra5b3][%mdl 512]} 20. Qa2 (20. Qc2 $15 f4 21. e6 (21. Nd4 Qa6 $15)) (20. bxa5 Qxb3) 20... f4 $17 21. Nd4 {[#]} Qa6 $1 22. Nef5 Bxf5 23. Nxf5 Nc4 24. h5 $2 {[%mdl 8192]} (24. d6 $17 {was called for.} Bxh4 25. Bd4) 24... Ngxe5 $19 25. Nxe7 Nxb2 26. Qxb2 {[#]} Qf6 $1 27. Qc3 Qxe7 {Black is clearly winning.} 28. Rfe1 Rxd5 29. Re4 Qg5 30. Rae1 {[%cal Re4e5]} Re8 31. Qh3 {[%mdl 32768] Precision: White = 21%, Black = 55%. . Loss on Time!?} 1-0

[Event "11th American Continental Women 2018"]
[Site "Envigado"]
[Date "2018.11.19"]
[Round "4.9"]
[White "Gomez Guardo, Laura Meli"]
[Black "Franco Valencia, Beatriz Irene"]
[Result "0-1"]
[WhiteElo "1842"]
[BlackElo "2191"]
[Annotator "TA"]
[PlyCount "64"]
[EventDate "2018.11.17"]
[EventType "swiss"]
[EventRounds "9"]
[EventCountry "COL"]
[SourceTitle "playchess.com"]
[Source "ChessBase"]
[SourceQuality "1"]

{[%evp 13,64,17,18,-11,0,0,27,-153,40,-125,-74,-97,-96,-95,-100,-148,-141,-135,-147,-170,-153,-159,-148,-137,-110,-85,-77,-206,-146,-149,-142,-146,-149,-214,-164,-162,-154,-170,-137,-231,-162,-201,-185,-201,-168,-5473,-689,-1968,-1913,-29993,-1631,-29995,-29996]} 1. c4 e5 2. g3 Nc6 3. Bg2 g6 4. d3 Bg7 5. Nc3 d6 6. e4 Be6 7. Nge2 Qd7 8. a3 {A26: English Opening vs King's Indian with ...Nc6 and d3} (8. Nd5 Nd8 9. d4 c6 10. Ne3 exd4 11. Nxd4 Bh3 12. Ndf5 Bxf5 13. exf5 Ne7 14. Bh3 Nxf5 15. O-O Ne6 16. Nxf5 gxf5 17. Bxf5 {1-0 (26) Grischuk,A (2771)-Svidler,P (2722) Moscow 2010}) 8... Bh3 9. O-O h5 10. f4 $2 (10. Bxh3 $11 Qxh3 11. f3) 10... exf4 $2 (10... h4 $17 11. Qe1 Nge7) 11. Bxf4 $146 (11. Bxh3 $14 {stays ahead.} Qxh3 12. Nxf4 (12. Bxf4 Nf6 $17)) ({Predecessor:} 11. Nxf4 Bxg2 12. Kxg2 h4 13. g4 h3+ 14. Nxh3 O-O-O 15. Nf2 Be5 {0-1 (60) Marechal,C-Hohelj,S (2310) Paris 1994}) 11... h4 ({Better is} 11... Bxg2 12. Kxg2 h4) 12. Rf2 hxg3 13. Bxg3 Nd4 14. Qf1 Nc2 15. Bxh3 Rxh3 16. Rb1 Ne3 17. Qc1 Ng4 18. Rg2 N8f6 19. Nf4 Rh7 20. Nce2 (20. Qd2 $17 {might work better.}) 20... Nh5 21. Nxh5 Rxh5 22. b4 O-O-O 23. b5 (23. Qd2 $17) 23... Be5 24. d4 Bxg3 25. Nxg3 Rh3 26. Qe1 (26. Qg5 $17) 26... Rdh8 {[%cal Rg4h2]} 27. Rbb2 Qe7 {[#] Hoping for ...Qh4.} 28. Rbe2 Qh4 29. Qa5 $2 (29. Nf1) 29... Nxh2 (29... Rxh2 $142 30. Rxh2 Qxg3+ 31. Rhg2 Qh3 32. Kf1 Qf3+ 33. Ke1 Rh1+ 34. Kd2 Qb3 35. Re3 Nxe3 36. Qb4 Nf1+ 37. Ke1 Ng3+ 38. Rg1 Rxg1+ 39. Kf2 Rf1+ 40. Kg2 Qf3+ {[%mdl 64] Double Attack} 41. Kh3 Rh1#) 30. Qxa7 Rxg3 31. Qa8+ Kd7 {[#] ( -> ...Rc3)} 32. Qa5 Ng4 {Accuracy: White = 29%, Black = 47%.} 0-1

[Event "11th American Continental Women 2018"]
[Site "Envigado"]
[Date "2018.11.19"]
[Round "4.10"]
[White "Chirivi C, Jenny Astrid"]
[Black "Cosme Contreras, Trilce"]
[Result "0-1"]
[WhiteElo "2118"]
[BlackElo "1829"]
[Annotator "TA"]
[PlyCount "121"]
[EventDate "2018.11.17"]
[EventType "swiss"]
[EventRounds "9"]
[EventCountry "COL"]
[SourceTitle "playchess.com"]
[Source "ChessBase"]
[SourceQuality "1"]

{[%evp 19,121,26,21,-14,0,-8,0,1,14,0,41,13,58,35,45,37,44,43,92,46,140,111,116,106,130,84,166,135,159,136,138,132,137,131,129,161,375,254,211,208,622,597,443,289,426,187,258,250,235,227,303,157,157,135,275,99,99,96,103,46,101,43,134,9,27,0,45,0,0,0,0,0,22,22,37,24,51,51,65,65,79,3,77,76,75,69,200,200,160,45,45,45,75,12,12,12,20,8,8,8,8,0,0,0]} 1. d4 Nf6 2. c4 g6 3. Nc3 Bg7 4. Nf3 O-O 5. g3 d6 6. Bg2 Nc6 7. O-O a6 8. e4 Bg4 9. h3 Bxf3 10. Bxf3 e5 {LiveBook: 19 Games} 11. dxe5 {E63: King's Indian: Fianchetto: Panno Variation with 7...a6} (11. d5 $5 {[%cal Rd5c6]} Nd4 12. Be3 $11) (11. d5 Nd4 12. Bg2 c5 13. dxc6 bxc6 14. b4 Qe7 15. Be3 Nd7 16. Qd3 Rfb8 17. Rab1 Rb7 18. Rb2 a5 19. b5 Qe6 20. Rfb1 {½-½ (74) Berkes,F (2602)-Motylev,A (2640) Moscow 2004}) 11... dxe5 12. Bg5 Nd4 13. Bg2 h6 14. Be3 Nd7 15. f4 Kh7 $146 ({Predecessor:} 15... c6 16. Ne2 c5 17. Nc3 h5 18. f5 Kh7 {0-1 (42) Evstratov,O-Weetik,V (2290) St Petersburg 2001}) 16. Rc1 c6 17. Ne2 c5 18. Nc3 Nb6 19. b3 f6 (19... a5 $14) 20. Nd5 Nxd5 21. cxd5 Qa5 22. Rf2 Rac8 (22... f5 $16) 23. Kh2 b5 24. fxe5 fxe5 25. Rxf8 Rxf8 26. Rxc5 {Threatens to win with d6.} Qxa2 27. Rc7 Qxb3 $2 (27... Qb2 28. h4 h5) 28. Qc1 Rg8 29. Bxh6 Ne2 $2 (29... b4 30. d6 Ne2) 30. Qg5 $18 Qd1 {[%csl Ge2][%cal Rd1g1] [#]} 31. Qe3 b4 (31... Nd4 $142 32. g4 Qe2 33. Qxe2 Nxe2) 32. Rb7 (32. Bxg7 $142 Rxg7 33. Rxg7+ Kxg7 34. Bf3) 32... b3 (32... Nd4 {was necessary.} 33. d6 Ne6) 33. Bxg7 Rxg7 34. Rxb3 Qc2 35. Qd3 (35. Rb6 $18 Nd4 36. Rf6 (36. Rxa6 Rf7 $11)) 35... Qxd3 $16 36. Rxd3 {[%mdl 4096] Endgame KRB-KRN} a5 (36... Nd4 $16 {might work better.} 37. h4 a5) 37. Bf1 $2 (37. Bf3 $18 {and White stays clearly on top.} Nd4 38. Bg4) 37... Nd4 38. Ra3 Ra7 39. Kg2 (39. Ra4 $16) 39... Kg7 {[#]} (39... a4 $14) 40. h4 (40. Ra4 $1 $16) 40... Kf6 (40... a4 $14) 41. Kf2 (41. Kh3 $16) 41... Ke7 42. Bd3 Kd6 43. g4 a4 44. h5 gxh5 45. gxh5 Rh7 46. Rxa4 Rxh5 47. Ra6+ Kd7 48. Bf1 Rh4 49. Bg2 Rf4+ 50. Kg3 ({White should try} 50. Ke3 $16) 50... Rf8 (50... Ne2+ $11 51. Kh3 Nc3) 51. Bh3+ Kc7 52. Bg4 Rh8 (52... Kb7 $14 53. Ra3 Rg8) 53. Rg6 $18 Rf8 54. d6+ (54. Rh6 $16) 54... Kb7 55. d7 Nc6 56. Be6 (56. Re6 $16 {Hoping for Re8.} Rd8 57. Re8) 56... Kc7 $11 {The position is equal.} 57. Rg7 Rd8 58. Kh4 Nb8 59. Kg5 Nxd7 60. Bxd7 Rxd7 61. Rxd7+ {[%mdl 32768] Accuracy: White = 40%, Black = 24%. . Loss on time!?} 0-1

[Event "11th American Continental Women 2018"]
[Site "Envigado"]
[Date "2018.11.19"]
[Round "4.11"]
[White "Toro Castaneda, Elizabeht"]
[Black "Castrillon Gomez, Melissa"]
[Result "1/2-1/2"]
[WhiteElo "1932"]
[BlackElo "2301"]
[Annotator "TA"]
[PlyCount "95"]
[EventDate "2018.11.17"]
[EventType "swiss"]
[EventRounds "9"]
[EventCountry "COL"]
[SourceTitle "playchess.com"]
[Source "ChessBase"]
[SourceQuality "1"]

{[%evp 19,95,27,28,18,23,14,10,6,46,33,53,50,62,41,42,44,75,-190,-189,-179,-180,-182,-184,-154,-156,-168,-83,-80,132,132,151,137,172,180,203,189,524,75,79,78,72,56,60,70,44,59,14,0,35,0,0,0,0,0,31,55,196,189,204,32,179,0,174,0,64,0,0,0,10,0,0,0,0,0,0,0,0,0]} 1. d4 f5 2. g3 Nf6 3. Bg2 e6 4. Nf3 d5 5. O-O Bd6 6. b3 Nbd7 7. Ba3 Bxa3 8. Nxa3 c6 9. c4 Qe7 10. Nc2 O-O {LiveBook: 20 Games} 11. cxd5 {A94: Classical Dutch: Classical Stonewall: 7 b3 c6 8 Ba3} (11. Nce1 b6 12. Nd3 Bb7 13. Nfe5 Nxe5 14. dxe5 Ne4 15. Qc2 c5 16. e3 Rad8 17. Rad1 d4 18. exd4 cxd4 {0-1 (43) Tang,A (2466)-Tarjan,J (2406) chess.com INT 2017}) 11... exd5 12. e3 Ne4 13. Nce1 Ndf6 14. Nd3 Bd7 $146 ({Predecessor:} 14... Be6 15. Nfe5 Nd7 16. f3 Nxe5 17. Nxe5 {½-½ (26) Wagner,G (1809)-Bridges,P (1776) Cardiff 2017}) 15. Qc2 Be8 16. Nfe5 Ng4 17. Rac1 h5 18. f3 $2 {[%mdl 8192]} (18. Nf3 $16) 18... Nxe3 $19 19. Qe2 Nxf1 20. fxe4 fxe4 21. Nf4 Qb4 22. Rd1 {[#]} Nxh2 ({Inferior is} 22... g5 23. Ne6 $16) (22... Nxg3 $1 $19 {is more deadly.} 23. hxg3 Qc3) 23. Kxh2 $17 h4 $2 (23... Rf6 $17 {stays on course.} 24. Qe3 Qe7) 24. Qg4 $16 hxg3+ 25. Qxg3 Qd6 {Threatens to win with ...Qh6+.} 26. Bh3 $1 {[%cal Rh3e6]} Qh6 27. Ne6 Bf7 $2 {[#]} (27... Rf7 {is tougher.}) 28. Nxf8 $2 (28. Nxg7 $1 $18 {[%mdl 512] is the precise move to win. Nf5+ would kill now.} Qxg7 29. Qh4) 28... Rxf8 29. Ng4 Qg5 30. Rg1 Bh5 31. Ne5 $40 {[%mdl 128] White attacks.} Qh6 $1 32. Nd7 Rf4 $1 ({Not} 32... Rf3 $2 33. Qb8+ Kh7 34. Nf8+ Rxf8 35. Qxf8 $18) 33. Ne5 Kh7 34. Rf1 Rxf1 35. Bxf1 Qd2+ 36. Bg2 g6 37. Qh4 {Black must now prevent Qe7+.} Qh6 (37... Qxd4 $14 38. Qe7+ Kh6) 38. Qe7+ $18 Qg7 39. Qg5 $2 (39. Qd6 $18) 39... Qh6 (39... Qf8 $1 $14) 40. Qe7+ Qg7 41. Qg5 $2 (41. Qd8 $18) 41... Qf8 ({Black should try} 41... Qh6 $1 $11 42. Qe7+) 42. Nd7 (42. a3 $14) 42... Qd6+ $11 {The position is equal.} 43. Ne5 Kg7 44. Qg3 b6 45. b4 c5 $1 {[%cal Rc5d4]} 46. bxc5 bxc5 47. dxc5 Qxc5 48. Nd7 {Precision: White = 32%, Black = 23%.} 1/2-1/2

[Event "11th American Continental Women 2018"]
[Site "Envigado"]
[Date "2018.11.19"]
[Round "4.12"]
[White "Aliaga Fernandez, Ingrid Y"]
[Black "Prado, Alexandra"]
[Result "1/2-1/2"]
[WhiteElo "2194"]
[BlackElo "1873"]
[Annotator "TA"]
[PlyCount "45"]
[EventDate "2018.11.17"]
[EventType "swiss"]
[EventRounds "9"]
[EventCountry "COL"]
[SourceTitle "playchess.com"]
[Source "ChessBase"]
[SourceQuality "1"]

{[%evp 30,45,7,3,18,11,3,15,67,67,56,-7,39,0,66,-10,-7,-9]} 1. e4 c5 2. Nf3 Nc6 3. d4 cxd4 4. Nxd4 Nf6 5. Nc3 e5 6. Ndb5 d6 7. Bg5 a6 8. Na3 b5 9. Nd5 Be7 10. Bxf6 Bxf6 11. c3 O-O 12. Nc2 Bg5 13. Nce3 Bxe3 14. Nxe3 Ne7 {B33: Sicilian: Pelikan and Sveshnikov Variations} 15. Be2 Bb7 16. Bf3 {LiveBook: 6 Games} Qb6 (16... g6 17. O-O f5 18. exf5 Bxf3 19. Qxf3 gxf5 20. Rad1 f4 21. Nd5 {1-0 (43) Kamsky,G (2714)-Shirov,A (2739) Moscow 2007}) 17. O-O Rad8 18. a4 Kh8 (18... bxa4 $11 19. Rxa4 (19. Qxa4 f5 $11) 19... Bc6) 19. axb5 $14 axb5 20. Ra3 $146 (20. Qe2 $14) ({Predecessor:} 20. Re1 f5 21. exf5 d5 22. Nc2 {½-½ (66) Lee,V (2245)-Reeve,J (2345) Edmonton 2006}) 20... g6 (20... d5 $5 21. exd5 f5 $11) 21. Rb3 f5 (21... d5 $11 22. exd5 Nxd5 23. Bxd5 Bxd5 24. Nxd5 Qc5) 22. Nd5 ({Better is} 22. exf5 $1 $14 Bxf3 23. Qxf3 Nxf5 24. Nxf5 Rxf5 25. Qe3) 22... Bxd5 $11 23. exd5 1/2-1/2

[Event "11th American Continental Women 2018"]
[Site "Envigado"]
[Date "2018.11.19"]
[Round "4.13"]
[White "Caballero Quijano, Mitzy Mishell"]
[Black "Ocampo, Cristina"]
[Result "1/2-1/2"]
[WhiteElo "1992"]
[BlackElo "1771"]
[Annotator "NA RC"]
[PlyCount "60"]
[EventDate "2018.11.17"]
[EventType "swiss"]
[EventRounds "9"]
[EventCountry "COL"]
[SourceTitle "playchess.com"]
[Source "ChessBase"]
[SourceQuality "1"]
[TimeControl "40/5400+30:1800+30"]

1. d4 d5 2. Nf3 Nf6 3. c4 c6 4. e3 e6 5. b3 Nbd7 6. Bb2 Bd6 7. Bd3 O-O 8. Nbd2 Re8 9. O-O e5 10. dxe5 Nxe5 11. Nxe5 Bxe5 12. Bxe5 Rxe5 13. Qc2 Bg4 14. Rfe1 Qe7 15. cxd5 Rxd5 16. Nf1 Rad8 17. Bc4 R5d7 18. e4 Qe5 19. f3 Bh5 20. Qf2 Bg6 21. Rac1 Nh5 22. g3 Nf6 23. h3 Qa5 24. Rb1 b5 25. b4 Qa3 26. Bb3 a5 27. Re3 Rd3 28. Rxd3 Rxd3 29. Qb6 h5 30. bxa5 Nd7 1/2-1/2